00697nam a2200193Ia 4500020001800000082001900018245003900037250000800076260003900084300001600123500005200139650006200191650004700253650005900300650006400359650004200423700002000465700001800485 a0-566-08305-1 aRR 025.04 MAN- 0aManual of online search strategies a3rd aBurlingtonbGower Publishingc2001 axvii, 354p. aContents: Vol.3. Humanities and Social sciences aOnline bibliographic searching - Handbooks, manuals, etc. aSocial sciences - Handbooks, manuals, etc. aInformation storage and retrieval systems - Humanities aInformation storage and retrieval systems - Social sciences aHumanities - Handbooks, manuals, etc. aArmstrong, C.J. aLarge, Andrew